000 00770nam a2200253Ia 4500
003 OSt
005 20220930084921.0
006 a|||||r|||| 00| 0
007 ta
008 220926b |||||||| |||| 00| 0 eng d
024 _a87892
037 _cTheses
040 _aCRL
_cCRL
_beng
041 _2eng
_aeng
100 _aUshvinder Kaur
110 _aUniversity of Delhi. Faculty of Arts. Department of Geography
245 0 _aCyclone disaster vulnerability and mitigation along the east caost of India
260 _c2006
650 _aGEOGRAPHY
700 _a Dr. R. B. Singh Gu.
_9535752
700 _aUniversity of Delhi. Faculty of Arts. Department of Geography
942 _cDIS
_2CC
999 _c877991
_d877991